zpět

Detail výsledku týmu

U Wočka, Horoměřice

Datum a čas kvízu

29.5 Celkem bodů Celkový počet nahraných bodů na tomto kvízu bez doplňovacích otázek.
4. Pořadí na kvízu Konečné umístění týmu na tomto kvízu.

Zaznamenané odpovědi

# Otázka Odpověď Body Výsledky
1. Česká vláda ve středu schválil... Morava, Dyje 1
2. V pondělí začalo největší nábo... v Indii 1
3. V pondělí byly odhaleny nomina... Vlny 1
4. Jak se nazývá kryptoměna, kter... $Trump 0
5. Který český sportovec si minul... Jiří Procházka 1
6. Na kterém ostrově se měl nachá... na Krétě 0
7. Labyrint je specializovaný org... D 0
8. Labyrinty jsou oblíbeným motiv... Nizozemsko 1
9. Která kost lebky obsahuje kost... kost spánková 1
10. Jak se jmenuje kniha, která by... Labyrint světa a ráj srdce 1